The law on partnerships and private corporations (Record no. 41652)

MARC details
000 -LEADER
fixed length control field 00703nam a22002417i 4500
003 - CONTROL NUMBER IDENTIFIER
control field URS
005 - DATE AND TIME OF LATEST TRANSACTION
control field 20220114162519.0
008 - FIXED-LENGTH DATA ELEMENTS--GENERAL INFORMATION
fixed length control field 211116b ||||| |||| 00| 0 eng d
040 ## - CATALOGING SOURCE
Language of cataloging eng
Description conventions rda
Transcribing agency URS
050 ## - LIBRARY OF CONGRESS CALL NUMBER
Classification number KPM953
Item number D3777 1985
060 ## -
-- KPM953
100 1# - MAIN ENTRY--PERSONAL NAME
Personal name De Leon, Hector S,
Relator term author
245 ## - TITLE STATEMENT
Title The law on partnerships and private corporations
Statement of responsibility, etc Hector S. De Leon
250 ## - EDITION STATEMENT
Edition statement 1985 Edition
264 #1 - PUBLICATION, DISTRIBUTION, ETC. (IMPRINT)
Place of publication, distribution, etc Manila
Name of publisher, distributor, etc Rex Book Store
Date of publication, distribution, etc [1985]
264 #4 - PUBLICATION, DISTRIBUTION, ETC. (IMPRINT)
Date of publication, distribution, etc ©1985
336 ## - CONTENT TYPE
Content type term text
Content type code txt
Source rdacontent
337 ## - MEDIA TYPE
Media type term unmediated
Media type code n
Source rdamedia
338 ## - CARRIER TYPE
Carrier type term volume
Carrier type code nc
Source rdacarrier
300 ## - PHYSICAL DESCRIPTION
Extent 476 pages.
650 #0 - SUBJECT ADDED ENTRY--TOPICAL TERM
Topical term or geographic name as entry element Partnership
Topical term following geographic name as entry element Private Corporation
Geographic subdivision Philippines
942 ## - ADDED ENTRY ELEMENTS (KOHA)
Source of classification or shelving scheme Library of Congress Classification
Koha item type Filipiniana
Holdings
Withdrawn status Lost status Damaged status Not for loan Collection code Home library Current library Shelving location Date acquired Total Checkouts Full call number Barcode Date last seen Price effective from Koha item type
        Non-fiction Angono College Library Angono College Library General Stacks 11/16/2021   FL KPM953 D3777 1985 URSANG-3663 11/16/2021 11/16/2021 Filipiniana

University of Rizal System
Email us at univlibservices@urs.edu.ph

Visit our Website www.urs.edu.ph/library